Chronológia vývoja Latinskej Ameriky od objavenia do roku 1966

Na minha lista:
Detalhes bibliográficos
Autor principal: Suchánková, Ľubica
Formato: Livro
Idioma:tcheco
Publicado em: Praha Ústav pro mezinárodní politiku a ekonomii 1968
Colecção:Prameny a studie k mezinárodním vztahům sv. 11
Tags: Adicionar Tag
Sem tags, seja o primeiro a adicionar uma tag!

MARC

LEADER 00000nam a2200000 4500
001 c122018
005 20250717114520.3
041 0 |a cze 
044 |a CZ 
245 1 0 |a Chronológia vývoja Latinskej Ameriky od objavenia do roku 1966  |c Ľubica Suchánková 
264 1 |a Praha  |b Ústav pro mezinárodní politiku a ekonomii  |c 1968 
300 |a 132 s. 
490 1 |a Prameny a studie k mezinárodním vztahům  |v sv. 11 
830 0 |a Prameny a studie k mezinárodním vztahům  |v sv. 11 
100 1 |a Suchánková, Ľubica